000 00579cam a22002053a 4500
001 45098
003 PGUSA
005 20140828084030.0
008 140309s2014||||xxu|||||s|||||000 | eng d
040 _aPGUSA
_beng
042 _adc
100 1 _aWhishaw, Frederick,
_d1854-1934
245 1 0 _aBoris the Bear-Hunter
_h[electronic resource] /
_cFrederick Whishaw
260 _bProject Gutenberg,
_c2014
506 _aPublic domain in the USA.
516 _aElectronic text
830 0 _aProject Gutenberg
_v45098
856 4 0 _uhttp://www.gutenberg.org/ebooks/45098
942 _cEB
999 _c274349
_d274349